000 01292cam a2200397 4500
999 _c24068
_d24068
001 vtls012239727
005 20251118091834.0
008 230920s2023 xo g 010 f slo
020 _a9788022213929
_q(viazané)
040 _aSNK
_bslo
_cSNK
_erda
041 1 _aslo
_hger
044 _axo
_cSK
072 7 _a821.112.2-3
_xNemecká próza, nemecky písaná
_2konspekt
080 _a821.112.2-31
_22011
080 _a(0:82-312.4)
_22011
100 1 _aFitzek, Sebastian,
_d1971-
_4aut
_95293
240 1 0 _aMimik
_lSlovensky
245 1 0 _aMimika
_bpsychotriler
_cSebastian Fitzek ; z nemeckého originálu Mimik ... preložila Erika Ridziová
250 _aVydanie I.
264 1 _aBratislava
_bTatran
_c2023
300 _a292 strán
_c22 cm
336 _atext
_btxt
_2rdacontent
337 _abez média
_bn
_2rdamedia
338 _azväzok
_bnc
_2rdacarrier
490 1 _aMimo zákona
_v44. zväzok
500 _aObsahuje biografické údaje o autorovi
655 7 _anemecké romány
_2SNKPH
_92380
655 7 _atrilery (romány)
_2SNKPH
_92135
655 7 _aGerman fiction
_2SNKPHeng
_92379
655 7 _aThrillers (novels)
_2SNKPHeng
_91722
700 1 _aRidziová, Erika
_4trl
_91326
958 _aLX
958 _aUP
958 _aDE